Normal view
MARC view
Entry Personal Name
001 - CONTROL NUMBER
- control field: 38141
003 - CONTROL NUMBER IDENTIFIER
- control field: OSt
005 - DATE AND TIME OF LATEST TRANSACTION
- control field: 20211105154417.0
008 - FIXED-LENGTH DATA ELEMENTS
- fixed length control field: 211105|| aca||aabn | a|a d
040 ## - CATALOGING SOURCE
- Original cataloging agency: OSt
- Transcribing agency: OSt
100 ## - HEADING--PERSONAL NAME
- Personal name: Stee, Ph., ed
670 ## - SOURCE DATA FOUND
- Source citation: Work cat.: (OSt): Heydari-Malayeri, M., ed. 20646, Evolution of Massive Stars, Mass Loss and Winds, 2004